| 000 | 00355nam a2200145Ia 4500 | ||
|---|---|---|---|
| 008 | 191201s2010 xx 000 0 und d | ||
| 082 |
_a658.069 _bMUB |
||
| 100 | _aMURTHY,C.S.V | ||
| 245 | 0 | _aBusiness Ethics Text and Cases | |
| 250 | _aEd. 2 | ||
| 260 |
_aN.Delhi _bHimalaya Publication House _c2010 |
||
| 300 | _a629 | ||
| 650 | _aMBA | ||
| 942 |
_2ddc _cBK |
||
| 999 |
_c4291 _d4291 |
||